Web Page Design in Easy Steps (Record no. 346272)
[ view plain ]
| 000 -LEADER | |
|---|---|
| fixed length control field | 00244 a2200097 4500 |
| 090 ## - LOCALLY ASSIGNED LC-TYPE CALL NUMBER (OCLC); LOCAL CALL NUMBER (RLIN) | |
| -- | 3808 |
| -- | 3808 |
| 100 ## - MAIN ENTRY--PERSONAL NAME | |
| Personal name | Brian Austin |
| 245 ## - TITLE STATEMENT | |
| Title | Web Page Design in Easy Steps |
| 260 ## - PUBLICATION, DISTRIBUTION, ETC. | |
| Place of publication, distribution, etc. | Dreamtech Press |
| Name of publisher, distributor, etc. | New Delhi |
| Date of publication, distribution, etc. | 2000 |
| 942 ## - ADDED ENTRY ELEMENTS (KOHA) | |
| Institution code [OBSOLETE] | NBS |
| Koha item type | Book |
| Call number prefix | 005.13 AUS |
| Withdrawn status | Lost status | Damaged status | Not for loan | Permanent Location | Current Location | Shelving location | Date acquired | Total Checkouts | Full call number | Barcode | Date last seen | Date last checked out | Price effective from | Koha item type |
|---|---|---|---|---|---|---|---|---|---|---|---|---|---|---|
| Central Library (CL) | Central Library (CL) | First Floor - Software Engineering/ Programming Language | 08/28/2013 | 1 | 005.13 AUS | NBS4072 | 11/22/2017 | 07/19/2017 | 08/28/2013 | Book |
